Boston T Stops Quiz Stats

 Plays Quiz not verified by Sporcle

Support Sporcle.
Go Orange.
Score 0/126 Timer 15:00
0 Plays Today
Line % Correct
Red LineHarvard Square
87.4%
Green (B) LineHarvard Avenue
87.4%
Red LinePark Street
85.6%
Green (all lines)Park Street
85.6%
Green (B) LineSouth Street
81.9%
Red LineSouth Station
81.8%
Orange LineNorth Station
81.7%
Green (all lines)North Station
81.7%
Blue LineGovernment Center
81.1%
Green (all lines)Government Center
81.1%
Green (B) LineBoston College
79.6%
Green (all lines)Kenmore
77.5%
Red LineKendall
77.3%
Red LineAlewife
76.3%
Red LineDowntown Crossing
76.2%
Orange LineDowntown Crossing
75.5%
Green (all lines)Copley
74.9%
Green (D) LineFenway
74.2%
Red LineCharles/MGH
72.6%
Green (B) LineBoston University East
72.6%
Green (all lines)Arlington
72.3%
Green (B) LineBoston University West
72.3%
Green (B) LineBoston University Central
72.2%
Orange LineHaymarket
71.5%
Green (all lines)Haymarket
71.5%
Blue LineAquarium
70.7%
Blue LineWonderland
70.1%
Green (all lines)Boylston Street
70%
Green (all lines)Lechmere
69.3%
Red LineBraintree
69.2%
Blue LineAirport
68.3%
Green (all lines)Hynes Convention Center
66%
Red LineCentral Square
63.4%
Red LineCentral Avenue
63.2%
Red LineJFK/UMass
63%
Green (C) LineCleveland Circle
63%
Red LinePorter Square
62.2%
Red LineDavis
61.8%
Orange LineChinatown
60.3%
Green (D) LineRiverside
60.2%
Orange LineState
60%
Blue LineState
60%
Line % Correct
Green (E) LineNortheastern University
59.8%
Orange LineBack Bay
58%
Green (E) LineHeath Street
56.5%
Green (all lines)Science Park
56.4%
Red LineAshmont
56.3%
Green (E) LinePrudential
56%
Orange LineRuggles
55.7%
Green (E) LineMuseum of Fine Arts
54.9%
Blue LineRevere Beach
53.6%
Orange LineForest Hills
52.9%
Green (E) LineSymphony
52.1%
Green (D) LineNewton Center
51.6%
Green (D) LineNewton Highlands
51.6%
Green (D) LineBrookline Village
51.2%
Red LineMattapan
51%
Green (D) LineBrookline Hills
51%
Green (B) LineGriggs Street/Long Avenue
49.9%
Orange LineOak Grove
49.7%
Orange LineRoxbury Crossing
49.5%
Orange LineMassachusetts Ave
49.2%
Green (E) LineLongwood Medical Area
46.6%
Green (D) LineLongwood
46.4%
Red LineQuincy Center
45.7%
Orange LineMalden Center
45%
Blue LineBowdoin
44.9%
Red LineAndrew
44.3%
Red LineBroadway
43.1%
Green (C) LineCoolidge Corner
42.2%
Red LineQuincy Adams
41.2%
Orange LineCommunity College
41.1%
Blue LineMaverick
40.9%
Green (D) LineChestnut Hill
40.6%
Green (B) LineChestnut Hill Avenue
40.3%
Orange LineSullivan Square
39.8%
Green (D) LineReservoir
38.9%
Green (B) LineWashington Street
38.7%
Green (C) LineWashington Square
38.7%
Red LineNorth Quincy
36.1%
Orange LineNew England Medical Center
35.1%
Orange LineWellington
34.1%
Green (C) LineSt Mary's Street
33.6%
Red LineSavin Hill
31.6%
Line % Correct
Red LineWollaston
30.9%
Green (D) LineWaban
29.9%
Green (B) LineSt Paul Street
29.4%
Green (C) LineSt Paul Street
29.4%
Orange LineJackson Square
28.8%
Blue LineSuffolk Downs
28.7%
Green (B) LineAllston Street
27.8%
Green (B) LinePackards Corner
27.4%
Blue LineOrient Heights
26.3%
Green (E) LineBrigham Circle
26.3%
Orange LineGreen Street
25.6%
Orange LineStony Brook
24.8%
Green (D) LineEliot
23.3%
Green (D) LineBeaconsfield
21.5%
Red LineMilton
21.1%
Green (E) LineMission Park
21.1%
Green (B) LineBabcock Street
20.8%
Red LineFields Corner
20.6%
Green (B) LineBlandford Street
20.5%
Green (D) LineWoodland
20.3%
Red LineShawmut
20.1%
Green (E) LineBack of the Hill
20.1%
Blue LineWood Island
19.4%
Blue LineBeachmont
19.3%
Green (B) LinePleasant Street
18.6%
Green (B) LineWarren Street
13.9%
Green (B) LineChiswick Road
13.8%
Green (C) LineKent Street
13.1%
Green (B) LineSutherland Street
12.6%
Green (E) LineRiverway
12.6%
Green (C) LineHawes Street
12.4%
Green (C) LineSummit Avenue
12%
Green (C) LineDean Road
11.3%
Green (C) LineTappan Street
11%
Green (C) LineBrandon Hall
10.9%
Red LineButler
10.5%
Green (E) LineFenwood Street
10.1%
Red LineCapen Street
10%
Red LineCedar Grove
9.8%
Red LineValley Road
8.8%
Green (C) LineFairbanks
8.7%
Green (C) LineEnglewood Avenue
8.2%

You're not logged in!

Compare scores with friends on all Sporcle quizzes.
OR
Log In

From the Vault

Baby Names: 'O' & 'P' Girl Names by Decade

by triplet_3

Of course, it would be difficult for these names to start with both letters at the same time.
Remove Ads.
Support Sporcle.
Get the best of Sporcle when you Go Orange. This ad-free experience offers more features, more stats, and more fun while also helping to support Sporcle. Thank you for becoming a member.

Show Comments

Extras

Created Sep 30, 2009SourceReportNominate
Tags:blue, boston, green, orange, Red, stop

Top Quizzes Today


Score Distribution

Your Account Isn't Verified!

In order to create a playlist on Sporcle, you need to verify the email address you used during registration. Go to your Sporcle Settings to finish the process.

Report this User

Report this user for behavior that violates our Community Guidelines.

Details: